000 00658nam a2200229 a 4500
999 _c3895
_d3895
001 3895
003 BD-JhCC
005 20180304172531.0
008 171119s1998 bg |||| ||a| 000 0 ben d
020 _a9844014530
035 _a(BD-JhCC)3895
040 _aBD-JhCC
_dBD-JhCC
041 _aben
082 _a891.443
_bSAR 1998
100 _aসরকার, মঞ্জু
245 _aঅপারেশন জয়বাংলা /
_cমঞ্জু সরকার,
260 _aঢাকা :
_bআগামী প্রকাশনী,
_c1998
300 _a102 p. :
_c21 cm.
650 _aHistorical Novel
942 _2ddc
_cBK